00949 a2200205 4500020001500000020001800015082000800033090001500041100002200056245005400078260003400132300002100166500001500187520024200202856008200444856008700526942002400613999001900637952008700656 a0709062494 a978070906249304a658 c2881d28811 aMcKibbin, Stuart.12aA cynic's guide to management /cStuart McKibbin. a[S.l.] :bRobert Hale,c1998. a160 p. ;c18 cm. aHardcover. aStuart McKibbin has observed management in all its various guises when he worked as a management trainee after leaving the Army Intelligence Corps. His outlook is, as the title suggests, cynical, but his observations are often hilarious.403Amazon.comuhttp://www.amazon.com/exec/obidos/ASIN/0709062494/chopaconline-20403Amazon customer reviewsuhttp://www.chopac.org/cgi-bin/tools/azrev.pl?q=0709062494 aNBScBKk658.04 MCK c345371d345371 00104070aCLbCLd2013-08-28l0o658.04 MCKpNBS3384r2013-08-28w2013-08-28yBK